| 000 | 00611nam a22001937a 4500 | ||
|---|---|---|---|
| 005 | 20251108164202.0 | ||
| 008 | 250721s2001 xx 000 0 ara d | ||
| 082 | 1 | 4 | _a621.3/شلب |
| 100 | 1 |
_aشلباية، مراد _eمؤلف |
|
| 245 | 1 | 0 |
_aمكونات الحاسوب الشخصي : _bهندسة و صيانة أجهزة الحاسوب / |
| 264 | 1 |
_aعمان : _bدار المسيرة، _c2001. |
|
| 300 | _a223ص. | ||
| 650 | 1 | 7 | _aالحواسيب |
| 650 | 1 | 7 | _aهندسة الحاسوب |
| 700 | 1 | _aأبو مغلي، وائل | |
| 700 | 1 | _aفاروق، علي | |
| 942 |
_2ddc _cBK |
||
| 999 |
_c5815 _d5815 |
||